| 000 | 00724nam a2200217 i 4500 | ||
|---|---|---|---|
| 001 | bg | ||
| 100 | 1 | _aNOWICKA-SKOWRON, Maria | |
| 245 | 1 | 0 |
_aEconomic aspects of industrial reconversion / _cMaria Nowicka-Skowron, Ralph Lescroart ; Haute Ecole Catholique du Luxemburg "Blaise Pascal", ISI Pierrard. |
| 260 |
_aVirton : _b[s.n.], _c2002. |
||
| 300 |
_a194 s. : _bil. ; _c24 cm. |
||
| 504 | _aBibliogr. przy art. | ||
| 650 | 9 |
_aPrzemysł _xekonomika _zPolska _yod 1989 r. |
|
| 700 | 1 | _aLESCROART, Ralph | |
| 710 | 0 | _aHaute Ecole Catholique du Luxemburg "Blaise Pascal" | |
| 710 | 0 | _aISI Pierrard | |
| 040 | _cBPK | ||
| 041 | 0 | _aeng | |
| 080 | _a338.45(438) | ||
| 942 | _cKS | ||
| 008 | s pl f |000 0 pol | ||
| 999 |
_c42926 _d42926 |
||
| 856 |
_uhttp://koha.tu.koszalin.pl/cgi-bin/koha/opac-detail.pl?biblionumber=42926 _yKatalog online BPK |
||